00539nam a2200181Ia 4500003000900000008004100009020001800050040001600068080001900084100001800103245012000121250001200241260003300253300001400286650002700300650001100327650001900338IN-BaIIA211028s9999 xx 000 0 eng d a0-12-174551-1 cIIA Library a535.215.2bCHU aChu, Benjamin 0aLaser light scatteringbbasic principles and practicecBenjamin Chu  a2nd ed. aBostonbAcademic Pressc1991 aix, 343p. aLaser Light Scattering aLasers aNASA Thesaurus